Nueva especie de Glyceria (Poaceae: Pooideae: Meliceae) de Colombia (Registro nro. 15380)
[ vista simple ]
| 000 -CABECERA | |
|---|---|
| Campo de control | 003910000a22001210004500 |
| 090 ## - CLASIFICACIÓN LOCAL | |
| Colección | As |
| Consecutivo | Seriadas |
| 041 0# - IDIOMA | |
| Código de idioma para texto/pista de sonido o título separado | |
| 100 1# - ASIENTO PRINCIPAL--NOMBRE PERSONAL | |
| Nombre personal | Giraldo Cañas, Diego |
| 245 10 - MENCION DE TITULO | |
| Título | Nueva especie de Glyceria (Poaceae: Pooideae: Meliceae) de Colombia |
| 246 3# - FORMA VARIANTE DEL TITULO | |
| Título propiamente dicho/forma breve del título | New species of Glyceria (Poaceae: Pooideae: Meliceae) from Colombia |
| 773 1# - Item fuente: | |
| Título | Caldasia |
| Descripción física | 1 |
| Paginas del Articulo | 9-13 |
| Lugar, editorial y fecha de publicación | 2002 |
| Información sobre la relación | 24 |
| 942 ## - ELEMENTOS ADICIONALES (KOHA) | |
| Tipo de ítem | Artículo |
No hay ítems disponibles.